000 01338cam a2200373 i 4500
001 68900
003 Mx-PuUPA
005 20221207093135.0
008 221013s2016 mx a gr 000 0 spa d
020 _a9786072420564
020 _a9789687791760
_qde la colección el barco de vapor
040 _aMx-PuUPA
_bspa
_cMx-PuUPA
_dMx-PuUPA
_erda
041 0 _aspa
100 1 _98299
_aMartínez Vélez, Oscar,
_eautor
245 1 0 _aHilario y la cucaracha maravillosa /
_cÓscar Martínez Vélez ; ilustraciones, Mauricio Gómez Morín
250 _aOctava edición
264 1 _aCiudad de México :
_bSM de ediciones,
_c2016
300 _a74 páginas :
_bilustraciones ;
_ccm
336 _2rdacontent
_atexto
_btxt
336 _2rdacontent
_aimagen fija
_bsti
337 _2rdamedia
_asin medio
_bn
338 _2rdacarrier
_avolumen
_bnc
490 1 _aEl barco de vapor. Naranja ;
_v2M
521 0 _aA partir de 9+.
650 7 _2armarc
_aCucarachas
_xCuentos infantiles
650 7 _2armarc
_aNiños y mascotas
_xLiteratura infantil
650 7 _2armarc
_aLiteratura mexicana
700 1 _aGómez Morín, Mauricio,
_eilustrador
830 0 _aBarco de vapor
_pNaranja
_v2M
942 _2ddc
_cLI
_h863
_iB2902
999 _c68900
_d68900